000 00947nam a2200253 a 4500
001 45002
003 BD-RjUL
005 20211209053940.0
008 160721s1965 ii ||||| |||| 00| 0 ben d
020 _c: Tk. 8.00
035 _a(BD-RjUL)45120
040 _aBD-RjUL
_bben
_cBD-RjUL
041 _aben
082 _223
_a491.4409
_bSHB 1965
100 1 _aশহীদুল্লাহ, মুহম্মদ.
_9137894
245 1 0 _aবাঙ্গালা ভাষার ইতিবৃত্ত /
_cমুহম্মদ শহীদুল্লাহ
250 _a১ম সং
260 _aঢাকা :
_bবাঙলা একাডেমী,
_c১৯৬৫
300 _a১৯৪ পৃ. ;
_c২১ সেমি.
504 _aগ্রন্থপঞ্জী সংযুক্ত
650 _aবাংলা ভাষা
_vইতিহাস
_9137895
650 _aBengali Language
_vHistory
_9137896
942 _2ddc
_cBK
999 _c45002
_d45002